Does Corporate Governance Support Efficiency in Banking Business? Evidence from European Systemic Banks
Analýza integrovanej správy a riadenia banky a pohľad na budúcu politiku. Analýza sa dotýka reprezentatívnej skupiny finančných inštitúcií, ktoré tvoria všetky globálne systémovo dôležité finančné inštitúcie, ktoré v súčasnosti monitoruje Európska banková asociácia.
Saved in:
| Main Author: | |
|---|---|
| Other Authors: | |
| Format: | Book Chapter |
| Language: | English |
| Subjects: | |
| Tags: |
No Tags, Be the first to tag this record!
|
MARC
| LEADER | 00000naa a2200000 4500 | ||
|---|---|---|---|
| 001 | 0257207 | ||
| 005 | 20221104111312.8 | ||
| 041 | 0 | |a eng | |
| 044 | |a SK | ||
| 245 | 1 | 0 | |a Does Corporate Governance Support Efficiency in Banking Business? Evidence from European Systemic Banks |c Iustina Alina Boitan, Dan Costin Niţescu |
| 520 | |a Analýza integrovanej správy a riadenia banky a pohľad na budúcu politiku. Analýza sa dotýka reprezentatívnej skupiny finančných inštitúcií, ktoré tvoria všetky globálne systémovo dôležité finančné inštitúcie, ktoré v súčasnosti monitoruje Európska banková asociácia. | ||
| 610 | 2 | 0 | |a správa podniku |
| 610 | 2 | 0 | |a správa spoločnosti |
| 610 | 2 | 0 | |a banky |
| 610 | 2 | 0 | |a efektívnosť ekonomická |
| 610 | 2 | 0 | |a regresia |
| 610 | 2 | 0 | |a modely ekonometrické |
| 610 | 2 | 0 | |a analýza regresná |
| 610 | 2 | 0 | |a risk management |
| 610 | 2 | 0 | |a regulácia finančná |
| 610 | 2 | 0 | |a Európska únia |
| 100 | 1 | |a Boitan, Iustina Alina | |
| 700 | 1 | |a Niţescu, Dan Costin | |